00441pab a2200145 454500008003600000100001600036245004000052650001800092650001900110650001500129773002000144909001000164999001700174952010400191180718b xxu||||| |||| 00| 0 eng d aPrabhu, A.N aCan bulls be caught by their horns? a Stock-Market a Mehta Harshad aCorruption aHindustan Times a21664 c21664d21664 00104070aIIPAbIIPAd2018-07-19hIssue no: 24 May 92, p.1,2pAR21733r2018-07-19w2018-07-19yAR